The phantom of the post office / Kate Klise ; illustrated by M. Sarah Klise.
With the impending closure of the post office, the transition to the new communication system VEXT-mail is anything but smooth for the human and paranormal residents of Ghastly, Illinois. Story told mostly through letters.
Record details
- ISBN: 9780547519746 (hardback)
- ISBN: 0547519745 (hardback)
- ISBN: 9780544022812 (paperback)
- ISBN: 0544022815 (paperback)
- Physical Description: 135 pages : illustrations ; 19 cm.
- Publisher: Boston : Harcourt Children's Books, ©2012.
Content descriptions
| Target Audience Note: | Middle School |
| Study Program Information Note: | Accelerated Reader 4.9 |
Search for related items by subject
| Subject: | Letters > Juvenile fiction. Postal service > Juvenile fiction. Technology > Juvenile fiction. Ghost stories. Haunted houses > Juvenile fiction. |
| Genre: | Humorous fiction. Ghost stories. Epistolary fiction. |
Search for related items by series
| LDR | 01686nam a2200433 a 4500 | ||
|---|---|---|---|
| 001 | 140030 | ||
| 003 | CONS | ||
| 005 | 20151013074612.0 | ||
| 008 | 110923s2012 maua c 000 1 eng | ||
| 010 | . | ‡a 2011027316 | |
| 020 | . | ‡a9780547519746 (hardback) | |
| 020 | . | ‡a0547519745 (hardback) | |
| 020 | . | ‡a9780544022812 (paperback) | |
| 020 | . | ‡a0544022815 (paperback) | |
| 035 | . | ‡a(CPomAG)LMN590691 | |
| 042 | . | ‡alcac ‡apcc | |
| 050 | 0 | 0. | ‡aPZ7.K684 ‡bPh 2012 |
| 082 | 0 | 0. | ‡a[Fic] ‡223 |
| 100 | 1 | . | ‡aKlise, Kate. |
| 245 | 1 | 4. | ‡aThe phantom of the post office / ‡cKate Klise ; illustrated by M. Sarah Klise. |
| 260 | . | ‡aBoston : ‡bHarcourt Children's Books, ‡c©2012. | |
| 300 | . | ‡a135 pages : ‡billustrations ; ‡c19 cm. | |
| 490 | 1 | . | ‡a43 Old Cemetery Road ; ‡vbook 4 |
| 520 | . | ‡aWith the impending closure of the post office, the transition to the new communication system VEXT-mail is anything but smooth for the human and paranormal residents of Ghastly, Illinois. Story told mostly through letters. | |
| 521 | . | ‡aMiddle School | |
| 526 | 0 | . | ‡aAccelerated Reader ‡c4.9 |
| 650 | 0. | ‡aLetters ‡vJuvenile fiction. | |
| 650 | 0. | ‡aPostal service ‡vJuvenile fiction. | |
| 650 | 0. | ‡aTechnology ‡vJuvenile fiction. | |
| 650 | 0. | ‡aGhost stories. | |
| 650 | 0. | ‡aHaunted houses ‡vJuvenile fiction. | |
| 655 | 7. | ‡aHumorous fiction. ‡2gsafd | |
| 655 | 7. | ‡aGhost stories. ‡2gsafd | |
| 655 | 0. | ‡aEpistolary fiction. | |
| 700 | 1 | . | ‡aKlise, M. Sarah, ‡eillustrations |
| 800 | 1 | . | ‡aKlise, Kate. ‡t43 Old Cemetery Road ; ‡vbook 4. |
| 914 | . | ‡aSCP_jd | |
| 959 | . | ‡i32269000967870 ‡lJF Kli ‡aJuvenile - Fiction ‡tJuv Fiction ‡g17.00 | |
| 852 | . | ‡p32269000967870 ‡jJF Kli ‡gJuvenile - Fiction ‡cJuv Fiction ‡y17.00 ‡bSBPL | |
| 901 | . | ‡a140030 ‡bUnknown ‡c140030 ‡tbiblio | |